The Greek way to western civilization. (Record no. 552054)
[ view plain ]
| 000 -LEADER | |
|---|---|
| fixed length control field | 00609cam a22001571 4500 |
| 082 00 - DEWEY DECIMAL CLASSIFICATION NUMBER | |
| Classification number | 301 |
| Author Mark | HAM |
| 100 1# - MAIN ENTRY--PERSONAL NAME | |
| Personal name | Hamilton, Edith, |
| 9 (RLIN) | 49245 |
| 245 14 - TITLE STATEMENT | |
| Title | The Greek way to western civilization. |
| 260 ## - PUBLICATION, DISTRIBUTION, ETC. | |
| Place of publication, distribution, etc. | [New York] |
| Name of publisher, distributor, etc. | New American Library |
| Date of publication, distribution, etc. | [1948] |
| 300 ## - PHYSICAL DESCRIPTION | |
| Extent | 190 p. |
| Dimensions | 18 cm. |
| 490 0# - SERIES STATEMENT | |
| Series statement | Mentor books, |
| 500 ## - GENERAL NOTE | |
| General note | "Includes the material published in 1960 ... under the title The Greek way, and the additional material published in 1942 in The great age of Greek literature." |
| 526 ## - STUDY PROGRAM INFORMATION NOTE | |
| Program name | 0 |
| Interest level | 0 |
| Reading level | 0 |
| Title point value | 301_000000000000000_HAM |
| 650 #0 - SUBJECT ADDED ENTRY--TOPICAL TERM | |
| Topical term or geographic name entry element | Greek literature |
| General subdivision | History and criticism. |
| 9 (RLIN) | 49246 |
| 942 ## - ADDED ENTRY ELEMENTS (KOHA) | |
| Source of classification or shelving scheme | |
| Koha item type | Book |
| Withdrawn status | Lost status | Source of classification or shelving scheme | Damaged status | Not for loan | Permanent Location | Current Location | Shelving location | Date acquired | Total Checkouts | Full call number | Barcode | Date last seen | Price effective from | Koha item type |
|---|---|---|---|---|---|---|---|---|---|---|---|---|---|---|
| Military College of Engineering (MCE) | Military College of Engineering (MCE) | 01/06/2015 | 301 HAM | MCE-MCG/4.2 | 01/06/2015 | 01/06/2015 | Book |
